Mass communications. Violence & television with George Gerbner.

Violence & television with George Gerbner: George Gerbner, communication scholar, theorist, teacher, poet, and the founder of cultivation theory, discusses his work which influenced four decades of research on violence and television.

Bibliographic Details
Corporate Author: Kanopy (Firm)
Format: Video
Language:English
Published: [San Francisco, California, USA] : Kanopy Streaming, 2014.
Subjects:
Online Access:Connect to this streaming video

MARC

Tag First Indicator Second Indicator Subfields
LEADER 00000cgm a22000001i 4500
001 in00003587203
006 m o c
007 vz uzazuu
007 cr una---unuuu
008 140819p20142010cau024 o vleng d
005 20260324170705.3
028 5 2 |a 1107103  |b Kanopy 
035 |a (OCoLC)897771375 
035 |a (CaSfKAN)kan1107103 
040 |a UtOrBLW  |b eng  |e rda  |c UtOrBLW  |d UtOrBLW 
245 0 0 |a Mass communications.  |p Violence & television with George Gerbner. 
264 1 |a [San Francisco, California, USA] :  |b Kanopy Streaming,  |c 2014. 
300 |a 1 online resource (1 video file, approximately 25 min.) :  |b digital, .flv file, sound 
336 |a two-dimensional moving image  |b tdi  |2 rdacontent 
337 |a computer  |b c  |2 rdamedia 
338 |a online resource  |b cr  |2 rdacarrier 
344 |a digital 
347 |a video file  |b MPEG-4  |b Flash 
500 |a Title from title frames. 
518 |a Originally produced by TMW Media in 2010. 
520 |a Violence & television with George Gerbner: George Gerbner, communication scholar, theorist, teacher, poet, and the founder of cultivation theory, discusses his work which influenced four decades of research on violence and television. 
538 |a Mode of access: World Wide Web. 
650 0 |a Violence on television.  |0 http://id.loc.gov/authorities/subjects/sh85143532 
650 0 |a Violence.  |0 http://id.loc.gov/authorities/subjects/sh85143514 
650 0 |a Documentary films.  |0 http://id.loc.gov/authorities/subjects/sh85088115 
655 7 |a Internet videos.  |2 lcgft  |0 http://id.loc.gov/authorities/genreForms/gf2011026337 
655 7 |a Nonfiction films.  |2 lcgft  |0 http://id.loc.gov/authorities/genreForms/gf2011026423 
655 7 |a Short films.  |2 lcgft  |0 http://id.loc.gov/authorities/genreForms/gf2011026570 
655 7 |a Documentary films.  |2 lcgft  |0 http://id.loc.gov/authorities/genreForms/gf2011026205 
700 1 |a Gerbner, George,  |e presenter.  |0 http://id.loc.gov/authorities/names/n79121388 
710 2 |a Kanopy (Firm)  |0 http://id.loc.gov/authorities/names/no2014091415 
856 4 0 |u http://proxy.library.tamu.edu/login?url=https://texasam.kanopystreaming.com/node/107104  |z Connect to this streaming video  |t 0 
999 f f |s 3e24b464-67ae-3d55-bf7e-5350625e03a8  |i 51e7e263-e954-38b1-bf68-d860bebb08fe  |t 0 
952 f f |a Texas A&M University  |b College Station  |c Electronic Resources  |s www_evans  |d Available Online  |t 0  |h No information provided 
998 f f |t 0  |l Available Online